Top 15 pays les plus peuplés - Statistiques

Statistiques générales
  • Ce quiz a été pris 121 fois
  • Le résultat moyen est 10 sur 15
Statistiques - réponses
Hint Réponse % Correct
2 Chine
99%
3 Etats-Unis
95%
1 Inde
93%
9 Russie
91%
7 Brésil
87%
12 Japon
86%
10 Mexique
72%
4 Indonésie
65%
6 Nigéria
62%
5 Pakistan
59%
8 Bangladesh
51%
14 Egypte
45%
13 Philippines
44%
15 Vietnam
43%
11 Ethiopie
42%
Aucun quiz correspondant
Distribution des résultats
% des personnes avec chaque résultat
Percentile par nombre de réponses
Votre historique - résultats
Vous n’avez pas pris ce quiz